Hidden History of Christianity in Asia (Record no. 10423)

MARC details
000 -LEADER
fixed length control field 00618nam a2200241 a 4500
020 ## - INTERNATIONAL STANDARD BOOK NUMBER
ISBN 8172140
082 00 - DEWEY DECIMAL CLASSIFICATION NUMBER
Classification number 270.50954
Author Cutter ENG
100 ## - MAIN ENTRY--AUTHOR NAME
Author name England, John C
245 ## - TITLE STATEMENT
Title Hidden History of Christianity in Asia
260 ## - PUBLICATION, DISTRIBUTION, ETC. (IMPRINT)
Place of publication Delhi
Name of publisher ISPCK
Year of publication 1998
300 ## - PHYSICAL DESCRIPTION
Number of Pages 203p
500 ## - GENERAL NOTE
General note includes index and biblioraphy
505 2# - FORMATTED CONTENTS NOTE
Formatted contents note Nine Pamphlets
650 ## - SUBJECT ADDED ENTRY--TOPICAL TERM
Topical Term Church-History Modern Period, 1500
942 ## - ADDED ENTRY ELEMENTS (KOHA)
Koha item type Books
700 1# -
-- England, John C
Holdings
Collection code Home library Current library Date acquired Cost, normal purchase price Full call number Accession Number Koha item type
  Henry Martyn Institute Library Henry Martyn Institute Library 07/17/2007 85.00 270.50954 ENG 018320 Books
                   Copyright © 2026 | Henry Martyn Institute | Hyderabad | TS-500052 | INDIA | Implemented by hmi.edu.in
Hit-Count:

Powered by Koha